| 000 | 00635nam a2200229Ia 4500 | ||
|---|---|---|---|
| 003 | OSt | ||
| 005 | 20220924150638.0 | ||
| 006 | a|||||r|||| 00| 0 | ||
| 007 | ta | ||
| 008 | 220923b |||||||| |||| 00| 0 tel d | ||
| 024 | _a333998 | ||
| 037 | _cTextual | ||
| 040 |
_aARTS _cARTS _btel |
||
| 041 |
_2tel _atel |
||
| 082 | _aO35,2:g, M9 | ||
| 100 |
_aSastry P. Venkata Rama _9222608 |
||
| 245 | 0 | _aSripada vedam vari bobbily yuddha natakala tulanatmaka pariseelanam | |
| 260 | _c1989 | ||
| 650 |
_aTELUGU DRAMA _9173432 |
||
| 942 |
_hO35,2:g, M9 _cTEXL _2CC |
||
| 999 |
_c464041 _d464041 |
||